| 000 -ლიდერი |
| ფიქსირებული სიგრძის საკონტროლო ველი |
01052nam a22002057a 4500 |
| 003 - საკონტროლო ნომრის იდენტიფიკატორი |
| საკონტროლო ველი |
Ge_BSU |
| 005 - ბოლო ოპერაციის თარიღი და დრო |
| საკონტროლო ველი |
20240619164741.0 |
| 008 - ფიქსირებული სიგრძის მონაცემთა ელემენტები - ზოგადი ინფორმაცია |
| ფიქსირებული სიგრძის საკონტროლო ველი |
240619s1969 ge ||||| |||| 00| 0 geo d |
| 041 ## - ენის კოდი |
| Language code of text/sound track or separate title |
geo |
| 080 ## - უნივერსალური ათობითი კლასიფიკაციის ინდექსი |
| Universal Decimal Classification number |
61(479.22)(092) მ-34 |
| 100 ## - მთავარი ჩანაწერი - პიროვნების სახელი |
| Personal name |
მარუაშვილი, გიორგი |
| 9 (RLIN) |
22501 |
| 245 ## - ცნობა სათაურის შესახებ |
| Title |
სპირიდონ ვირსალაძე : |
| Remainder of title |
[მონოგრაფია] / |
| Statement of responsibility, etc |
გიორგი მარუაშვილი, სოლომონ აბულაძე; რედ. ს. საყვარელიძე. |
| 264 ## - წარმოების, გამოცემის, დისტრიბუციის და სხვა ცნობები |
| გამოცემის, წარმოების, დისტრიბუციის... ადგილი |
თბილისი : |
| გამოცემის, წარმოების, დისტრიბუციის... სახელწოდება |
საბჭ. საქართველო, |
| გამოცემის, წარმოების, დისტრიბუციის... თარიღი |
1969. |
| 300 ## - ფიზიკური აღწერა |
| Extent |
87 გვ. : |
| Other physical details |
ილ. და პორტრ. ; |
| Dimensions |
20 სმ |
| 653 ## - INDEX TERM--UNCONTROLLED |
| Uncontrolled term |
ვირსალაძე, სპ. |
| 653 ## - INDEX TERM--UNCONTROLLED |
| Uncontrolled term |
ქართველი ექიმები |
| 700 ## - ADDED ENTRY--PERSONAL NAME |
| Personal name |
აბულაძე, სოლომონ |
| Relator term |
ავტორი |
| 9 (RLIN) |
22502 |
| 700 ## - ADDED ENTRY--PERSONAL NAME |
| Personal name |
საყვარელიძე, ს. |
| Relator term |
რედაქტორი |
| 9 (RLIN) |
22503 |
| 942 ## - ADDED ENTRY ELEMENTS (KOHA) |
| Source of classification or shelving scheme |
|
| Koha item type |
წიგნი |